| 000 | 00935nam a22002897a 4500 | ||
|---|---|---|---|
| 001 | 0006893 | ||
| 003 | KOHA_MİRAKIL | ||
| 005 | 20260207001538.0 | ||
| 007 | ta | ||
| 008 | 090810b1997 tu |||gr||||#||||0|tur | | ||
| 020 | _a9751011833 | ||
| 040 |
_aTR-BiSEU _btur _cTR-BiSEU _erda |
||
| 041 | 0 | _atur | |
| 044 | _ctu | ||
| 050 |
_aD21 _b.G66 1997 |
||
| 100 | 1 | _aGombrich, Ernst H.. | |
| 240 | 1 | 0 |
_a"eine kurze weltgeschichte für junge leser" _lTürkçe |
| 245 | 1 |
_aGenç okurlar için kısa bir dünya tarihi = _b"eine kurze weltgeschichte für junge leser"/ _cErnst H. Gombrich ; Ernst H. Gombrich; çeviren Ahmet Mumcu. |
|
| 264 | 1 |
_aİstanbul : _bİnkılap Kitabevi, c1985 _c1997 |
|
| 300 | _a456 sayfa: resimli | ||
| 336 |
_ametin _btxt _2rdacontent |
||
| 337 |
_aaracısız _bn _2rdamedia |
||
| 338 |
_acilt _bnc _2rdacarrier |
||
| 650 | 0 |
_aWorld history. _912602 |
|
| 650 | 0 |
_aDünya tarihi. _91475 |
|
| 942 |
_2lcc _cBK |
||
| 999 |
_c6874 _d6874 |
||